000 00271nam a22001097a 4500
008 180802b xxu||||| |||| 00| 0 eng d
082 _a813.52
245 _aPreconception Health for Every Women
_cDistance Learning
260 _c2006
300 _a1
_fCD
942 _2ddc
_cMX
999 _c46705
_d46705